The logic of quantum mechanics /

Guardado en:
Autor Principal: Beltrametti, Enrico G.
Otros Autores: Cassinelli, Gianni.
Formato: Libro
Idioma:English
Publicado: Reading, Mass. : Addison-Wesley, Advanced Book Program, 1981.
Series:Encyclopedia of mathematics and its applications ; v. 15.
Encyclopedia of mathematics and its applications. Section, Mathematics of physics.
Materias:
Etiquetas: Agregar Etiqueta
Sin Etiquetas, Sea el primero en etiquetar este registro!
LEADER 01094cam a2200265 a 4500
001 MAT.inmabb002826
008 810518s1981####maua#####b####001#0#eng##
005 20111213132908.0
245 1 4 |a The logic of quantum mechanics /  |c Enrico G. Beltrametti and Gianni Cassinelli ; foreword by Peter A. Carruthers. 
260 |a Reading, Mass. :  |b Addison-Wesley, Advanced Book Program,  |c 1981. 
300 |a xxvi, 305 p. :  |b il. ;  |c 25 cm. 
490 1 |a Encyclopedia of mathematics and its applications ;  |v v. 15.  |a Section, Mathematics of physics 
504 |a Incluye referencias bibliográficas e índice. 
510 4 |a MR,  |c 83d:81008 
020 |a 0201135140 
100 1 |a Beltrametti, Enrico G. 
700 1 |a Cassinelli, Gianni. 
830 0 |a Encyclopedia of mathematics and its applications ;  |v v. 15. 
830 0 |a Encyclopedia of mathematics and its applications.  |p Section, Mathematics of physics. 
650 0 |a Quantum theory. 
650 0 |a Hilbert space. 
084 |a 81P10 (03G12 06C15 81-02)  |2 msc2000 
010 |a  81007904  
040 |a DLC  |c DLC  |d DLC 
859 |h 81  |i B453  |p A-5393  |b BIB. MATEMATICA